• 首页
  • 本馆介绍
  • 公告通知
  • 最新文献
  • 馆藏检索
  • 电子资源
  • 读者导购
  • 参考咨询
  • 我的图书馆
  • 登录
  • 详细信息显示
  • 放入我的书架
  • 预约/预借图书
  • 作者相关作品
  • 分类相关作品
  • 丛书相关作品
  • 出版社相关作品

书目信息

  • 表格格式
  • 工作单格式
  • 卡片格式
题名:
多肽药物化学
    
 
作者: 彭师奇 著
分册:  
出版信息: 北京   科学出版社  1993
页数: 382页
开本: 32开
丛书名: 博士丛书
单 册:
中图分类: TQ936.1
科图分类:
主题词: 蛋白质--化学加工--化学工业
电子资源:
ISBN: 7-03-003989-0
000 00599nam0 2200217 45
001 0106181539
005 20031219104050.5
010    @a7-03-003989-0@dCNY23.00
100    @a20010618d1993 km y0chiy0120 ea
101 0  @achi
105    @a z 000yy
200 1  @a多肽药物化学@ADuo Tai Yao Wu Hua Xue@f彭师奇著@FPeng Shi Qi Zhu
210    @a北京@c科学出版社@d1993
215    @a382页@d32开
225    @a博士丛书
410    @12001 @a博士丛书
606 0  @a蛋白质@x化学加工@x化学工业
690    @aTQ936.1@v4
701    @a彭师奇@4著
801    @aCN@bTSTC@c20010618
905    @f2@b298443-444@dTQ936.1@e5
    
    多肽药物化学/彭师奇著.-北京:科学出版社,1993
    382页;32开.-(博士丛书)
    
    
    ISBN 7-03-003989-0:CNY23.00
    
●
相关链接 在E读中查询图书 在五车中查询图书 在当当中查询图书 在豆瓣中查询图书


正题名:多肽药物化学     索取号:TQ936.1/5         预约/预借

序号 登录号 条形码 馆藏地/架位号 状态 备注
1 0298443   202984431   第三借阅区/ [索取号:TQ936.1/5] 在馆    
2 0298444   202984440   第二样本阅览室/ [索取号:TQ936.1/5] 在馆    
唐山师范学院图书馆 欢迎您!
大连网信软件有限公司© 版权所有